000 00560nam a2200121Ia 4500
008 220615s9999||||xx |||||||||||||| ||und||
100 _aParolin, Gianluca P.
245 0 _aCitizenship in the Arab World
_bKin, Religion and Nation-State
546 _aEnglish[eng]
650 _asociology||anthropology||sociologie||anthropologie
856 _uhttps://library.oapen.org/bitstream/20.500.12657/35291/1/340036.pdf||https://library.oapen.org/bitstream/20.500.12657/35291/1/340036.pdf||https://library.oapen.org/bitstream/20.500.12657/35291/1/340036.pdf
942 _cEB
999 _c15897
_d15897